Sports Quiz

Random Sports or Decade Quiz
Score 0/20 Timer 03:00
0 Plays Today
Question Answer Wrong Answers
Krzysztof Piątek 2010's
93.4%
1980's
3.1%
1990's
0.4%
2000's
1.8%
Jakub Błaszczykowski 2000's
89.9%
1980's
2.2%
1990's
3.1%
2010's
2.6%
Artur Boruc 2000's
89%
1980's
2.2%
1990's
6.6%
2010's
0.9%
Łukasz Fabiański 2000's
89%
1980's
2.2%
1990's
0.4%
2010's
7.5%
Jan Bednarek 2010's
86.8%
1980's
3.5%
1990's
3.9%
2000's
3.5%
Arkadiusz Milik 2010's
86.8%
1980's
2.2%
1990's
0.9%
2000's
7.9%
Piotr Zieliński 2010's
83.8%
1980's
6.1%
1990's
1.3%
2000's
7.5%
Jerzy Dudek 1990's
82.9%
1980's
1.8%
2000's
14%
2010's
0%
Dariusz Dziekanowski 1980's
82.9%
1990's
13.2%
2000's
0.4%
2010's
1.3%
Jan Furtok 1980's
82%
1990's
14.5%
2000's
1.3%
2010's
0%
Jacek Bąk 1990's
81.6%
1980's
7.5%
2000's
6.6%
2010's
2.2%
Robert Lewandowski 2000's
80.3%
1980's
1.8%
1990's
0.4%
2010's
15.8%
Dariusz Wdowczyk 1980's
76.8%
1990's
18.4%
2000's
1.8%
2010's
1.8%
Tomasz Wałdoch 1990's
74.1%
1980's
18%
2000's
4.4%
2010's
1.3%
Michał Żewłakow 1990's
71.1%
1980's
7.5%
2000's
18%
2010's
2.2%
Jacek Krzynówek 1990's
70.2%
1980's
8.8%
2000's
18%
2010's
1.3%
Roman Kosecki 1980's
66.2%
1990's
26.8%
2000's
2.6%
2010's
2.6%
Marek Leśniak 1980's
65.8%
1990's
28.1%
2000's
1.8%
2010's
2.6%
Mateusz Klich 2010's
59.6%
1980's
9.2%
1990's
3.5%
2000's
25%
Wojciech Szczęsny 2000's
58.3%
1980's
1.8%
1990's
0%
2010's
37.3%
Remove Ads.
Support Sporcle.
Get the best of Sporcle when you Go Orange. This ad-free experience offers more features, more stats, and more fun while also helping to support Sporcle. Thank you for becoming a member.

You're not logged in!

Compare scores with friends on all Sporcle quizzes.
OR
Log In

Show Comments

Extras

Top Quizzes Today


Score Distribution

Your Account Isn't Verified!

In order to create a playlist on Sporcle, you need to verify the email address you used during registration. Go to your Sporcle Settings to finish the process.

Report this User

Report this user for behavior that violates our Community Guidelines.

Details: